000 00356nam a2200145Ia 4500
003 OSt
005 20240209123942.0
008 170523s9999 xx 000 0 und d
020 _a978-9386863614
040 _ciimt university meerut
100 _aOMPRAKASH- SINGH
245 0 _aSANCHER MADHYAM KA PRBHAV
260 _bCLASSICAL PUBLICATION
942 _2ddc
_c02
999 _c453
_d453